Nociones de aritmética

Guardado en:
Detalles Bibliográficos
Autor principal: Baratech Montes, Benigno
Formato: Libro
Lenguaje:español
Publicado: Huesca : Editorial V. Campo y Compª, 1934
Edición:Nueva ed. modificada y aum.
Catálogo:MANES:  Resultados de Búsqueda del Catálogo
Clasificación de libros de texto:
Etiquetas: Agregar Etiqueta
Sin Etiquetas, Sea el primero en etiquetar este registro!
Añadido a:1999-11-29
Cambiado en:2025-05-07

MARC

LEADER 00000cam a2200000#i 4500
005 20250507134551.0
008 000000s1934 espa f 000 0 spa d
040 |a uned  |b spa  |c entro-manes 
100 1 |a Baratech Montes, Benigno  |9 26614 
245 1 0 |a Nociones de aritmética /   |c por Benigno Baratech Montes 
250 |a Nueva ed. modificada y aum. 
260 |a Huesca :   |b Editorial V. Campo y Compª,   |c 1934 
300 |a 203 p. :   |b il. 
546 |a España 
561 |5 es-BUNED  |3 L.T. 2549  |a España. Fondo Manes UNED  |k MANES 
690 0 |a MATE 
942 |2 ddc  |c BK 
999 |c 97482  |d 97482 
999 |c manes:97482  |d 97482